Terapia sistémica breve. Fundamentos y aplicaciones.

Tallennettuna:
Bibliografiset tiedot
Päätekijä: García Martínez, Felipe E. (compilador)
Muut tekijät: Ceberio, Marcelo R (prólogo)
Aineistotyyppi: Kirja
Kieli:englanti
Julkaistu: Santiago, Chile: RIL editores, 2015.
Painos:Segunda edición.
Aiheet:
Tagit: Lisää tagi
Ei tageja, Lisää ensimmäinen tagi!

MARC

LEADER 00000nam a22000007a 4500
003 CL-VaPUC
005 20220607114959.0
008 220524b2015 ||||| |||| 00| 0 eng d
999 |c 435702  |d 435700 
020 |a 978-956-01-0208-9 
040 |c Pontificia Universidad Católica de Valparaíso 
082 7 |a 616.8914 GAR 2015  |2 22 
100 1 |a García Martínez, Felipe E.   |e compilador  |9 869700 
245 |a Terapia sistémica breve.  |b Fundamentos y aplicaciones.  
250 |a Segunda edición. 
260 |a Santiago, Chile:  |b RIL editores,   |c 2015. 
300 |a 493 páginas.  
500 |a c.1 Comodato-SENDA 
583 |c 20220524  |k Cristina María Rojas Aguilar 
650 |a Psicoterapia  |9 869701 
650 |a Terapia familiar  |9 312193 
700 |a Ceberio, Marcelo R   |e prólogo  |9 869702 
942 |2 ddc  |c BK 
952 |0 0  |1 0  |2 ddc  |4 0  |6 616_891400000000000_GAR_2015  |7 0  |8 C_SENDA  |9 583236  |a BIBEDU  |b BIBEDU  |c ES_NOD  |d 2022-05-24  |e Comodato-SENDA  |i 5651356  |l 7  |m 2  |o 616.8914 GAR 2015  |p 5651356  |r 2024-09-04  |s 2024-08-29  |t 1  |w 2022-05-24  |x 07491005101  |y BK  |k BME